00824nab a2200241 uc450000100070000000500170000700800410002403500110006503500210007604000130009704100080011010000400011824500470015865000400020565000430024565000400028865000410032865000370036970000440040677301030045094200100055399900190056389108220241001090241.0040920e20000501 spa  a891082 a(OCoLC)820295537 ccomduadb aspa10aFrometa Matos, M.4auteaut953145210aModo de actuacion en proceso de enfermeria aEnfermería como profesión97414 7aAtención de enfermería2dcs913254 7aProceso de Enfermería2dcs952298 aAtención primaria de salud9121350 aAcciones de enfermería913686410aIgarza, Maricela Alba4auteaut93958320 tRevista Cubana de Enfermería (La Habana)gVol. 16, No. 02, Ago. 2000, p. 101-105w3813540108436 cARIMP c329378d329378